01241ngm a2200277 a 450000500170000000800410001708200190005824500870007725000190016430000620018349000430024550000900028850501560037860000520053465000520058670000270063870000240066570000210068970000230071074000650073326400420079833600270084033700330086733800280090004000350092820220317001303.0160825s1993 ck g 000 0 spa 04a791.4361bM14o10aOtto de Greiff, la música liberadacdirección Roberto Trianahvideograbación a1a. edición  a1 videocasete en VHS (55 minutos)bsonido, color c20 cm  aLa maletapdocumentales Colombianos, 1 aLa película pertenece a la colección La Maleta. Dirigida para un público adulto aNací partera [videocasete] / dirección Olga Patricia Paz -- Piel de gallina [videocasete] / dirección Mónica Arroyave , Carlos Enrique Espinosa14aGreiff, Otto de d1903- xHomenajes póstumos 142LEMBaCine documental colombianovVideocasetes 1 aTriana Arenas, Roberto1 aArroyave, Mónica,1 aEspinosa, Carlos1 aPaz, Olga Patricia aPiel de gallina [videocasete] aNací partera [videocasete] aBogotábMinisterio de Culturac1993 atextobtxt2rdacontent asin mediaciónbn2rdamedia avolumenbnc2rdacarrier aCO-BoRNBPbspaerdacCO-BoRNBP